000 00984nam0a22002651 4500
001 rc\2784424
005 20250529164621.0
035 _a(NLR Aleph) 006910627
090 _a7343270
_c7343270
100 _a20110915d1935 |||y0rusy50 ca
101 0 _arus
102 _aRU
105 _ay z |||||
200 1 _aУказания по заполнению формы № 2
210 _a[Москва]
_cтипо-стеклогр. Промкомб. Бауман. рай-та
_d[1935]
215 _a12 с.
_d28х21 см.
225 1 _aМатериал к Совещанию главбухов ОРСов по год. отчету за 1935 г.
300 _aСтеклогр. изд.
710 0 1 _aСССР
_bНародный ком. тяжелой промышленности
_bГлавное упр-ние рабочего снабжения
801 0 _aRU
_bNLR
_gpsbo
801 1 _aRU
_bELAR
_2rusmarc
852 _aNLR
_j35-13/739
942 _cBOOK
980 _aNB